Fermat's last theorem: a genetic introduction to algebraic number theory
Gespeichert in:
| 1. Verfasser: | |
|---|---|
| Format: | Buch |
| Sprache: | Englisch |
| Veröffentlicht: |
Nueva York
Springer-Verlag
1977
|
| Schriftenreihe: | Graduate Texts in Mathematics, 50
|
| Schlagworte: | |
| Tags: |
Tag hinzufügen
Keine Tags, Fügen Sie den ersten Tag hinzu!
|
MARC
| LEADER | 00000nam a2200000 a 4500 | ||
|---|---|---|---|
| 001 | UCP3020 | ||
| 003 | CL-VaPUC | ||
| 008 | 990604e19770000US |||||||||||||||||eng|d | ||
| 082 | 0 | 4 | |a 512.74 |b EDW |2 21 |
| 100 | 0 | |a Edwards, Harold M |e author |9 430096 | |
| 245 | 1 | 0 | |a Fermat's last theorem: a genetic introduction to algebraic number theory |
| 300 | |a 410 p | ||
| 942 | |c BK | ||
| 945 | |d 19990604 00:00:00 |a crobeson | ||
| 260 | |a Nueva York |b Springer-Verlag |c 1977 | ||
| 650 | 0 | |a Teoría algebraica de números |9 887995 | |
| 650 | 7 | |a TEOREMA DE FERMAT |2 CL-VaPUC |9 419137 | |
| 583 | |a last modification |c 19990604 00:00:00 |k Rodrigo Vera | ||
| 490 | 0 | |a Graduate Texts in Mathematics, 50 | |
| 999 | |c 281469 |d 281467 | ||
| 952 | |0 0 |1 0 |4 0 |6 512_740000000000000_EDW_1977 |7 0 |8 A |9 322217 |a BIBMAT |b BIBMAT |d 2019-11-20 |i 1347365 |l 3 |o 512.74 EDW 1977 |p 1347365 |r 2025-01-07 |s 2022-05-26 |w 2019-11-20 |y BK |k MAT | ||